000 00632nam a2200205Ia 4500
003 GCL
008 140319s9999 xx 000 0 ara d
040 _aGCL /
_cGCL
082 0 4 _a229.3
_bب ا
100 1 _aيحيى بن شرف الغورى
245 1 0 _aالاذكار من كلام سيد الابرار /
_cيحيى بن شرف الغورى
260 _a[S.N] :
_bالمكتبة القيمة للطباعة والنشر والتوزيع
300 _a550 ص
490 _a
650 0 4 _aالدعاء
650 0 4 _aالسنة النبوية
650 0 4 _aالادعية
650 0 4 _aالاوراد
942 _2ddc
_cBK
999 _c32655
_d32655